Aktivita finančných poradcov na úverovom trhu
Salvato in:
| Autore principale: | |
|---|---|
| Altri autori: | |
| Natura: | Capitolo di libro |
| Lingua: | slovacco |
| Tags: |
Nessun Tag, puoi essere il primo ad aggiungerne!!
|
MARC
| LEADER | 00000naa a2200000 4500 | ||
|---|---|---|---|
| 001 | 0311744 | ||
| 005 | 20250730095918.8 | ||
| 041 | 0 | |a slo | |
| 044 | |a SK | ||
| 245 | 1 | 0 | |a Aktivita finančných poradcov na úverovom trhu |c Martin Cesnak, Andrej Cupak |
| 100 | 1 | |a Cesnak, Martin, 1994- | |
| 700 | 1 | |a Cupak, Andrej, 1988- | |